| 000 | 00628nam a2200169 a 4500 | ||
|---|---|---|---|
| 001 | 000030573 | ||
| 005 | 20200930062403.0 | ||
| 008 | 110524s1918 sp 000 0 spa d | ||
| 040 |
_aDO-SdBNP _bspa _cBNPHU |
||
| 110 | 1 |
_aEspaña _bArchivo General de Indias _957180 |
|
| 245 | 1 | 0 |
_aCatálogo : _bcuadro general de la documentación. |
| 260 |
_aSevilla, : _bZarzuela, Alvarez Quintero, _c1918. |
||
| 300 |
_a165 p. ; _c23 cm. |
||
| 490 | 1 |
_aCentro oficial de estudios americanistas. _aBiblioteca colonial americana _v1 |
|
| 830 | 0 |
_aCentro oficial de estudios americanistas. _pBiblioteca colonial americana _v1 _957181 |
|
| 049 | _aBNPD | ||
| 999 |
_c30065 _d30065 |
||